000 00307nam a22001337a 4500
020 _a81-8022-095-8
082 _a000
_bPRI/A
100 _aPRIORITY PUBLICATIONS
245 _aA, AN, THE
260 _aINDIA
_bPRIORITY PUBLICATIONS
300 _a12
650 _aMY LITTLE BOOK OF GRAMMAR
_zINDIA
942 _cBK
999 _c4648
_d4648